000 00305nam a2200097 a 4500
005 20200929165147.0
008 100329s1950 000 spa d
245 0 _aCharlas tabloides de cancerología especialmente para médicos.
260 _aCiudad Trujillo, República Dominicana,
_c1950.
999 _c17112
_d17112
040 _aDO-SdBNP